1129 1476 1473 1150 1534 1138 1095 1162 1326 1572 1207 1457 1337 1838 1422 1461 1973 1507 1454 1793 1838 1620 1705 1456 1461 1333 1993 1765 1382 1442 1735 1356 1840 1152 1520 1281 1878 1290 1684 1613 1774 1814 1736 1097 1179 1922 1441 1622 1141 1574 1720 1018 1757 1178 1054 1585 1738 1596 1976 1591 1231 1069 1791 1954 1465 1593 1382 1782 1921 1579 1753 1804 1561 1964 1091 1692 1068 1996 1453 1792 1476 1102 1996 1998 1845 1892 1740 1087 1094 1837 1606 1509 1290 1534 1454 1661 1709 1790 1648 BCNSPRNW ULIB Ver.6.0+V

เปลี่ยนเป็นภาษาไทย

Change to English
 แสดงรายละเอียดบรรณานุกรม
  กลับหน้าหลัก

Brief Record : Get Marc (ISO 2709) : E-mail record : QR code < ปิดหน้าต่าง
LEADER : 00000nam 2200000uu 4500
001    13399127132
003     ULIB
008    020711s2020 th a 000 0 eng d
020    ^a9780323508643
060    ^aWY101^bY54F
100    ^aYoost, Barbara L. and Crawford, Lynne R.
245    ^aFundamentals of Nursing: Active Learning for Collaborative Practice
250    ^a2nd ed
260    ^aLouis, Missouri :^bElsevier,^c2020
300    ^a1140 pages;^b30 cm
650    ^a Nursing^xPractice
945    ^p3700^l0^i006322
999    ^aประนอม เกษจรัล
รายการนี้ยังไม่มีแท็ก
คุณยังไม่ได้ล็อกอิน คุณสามารถมีกิจกรรมร่วมกับเว็บไซต์ได้ แต่ต้องล็อกอินก่อน ::
  ล็อกอิน

รายการสื่อสารสนเทศ

ลำดับที่ ประเภท เลขเรียก/บาร์โค้ด สถานที่ สถานะ
1. Book การพยาบาล
Book การพยาบาล
WY101 Y54F ฉ.1 
  Barcode: 006322
ห้องสมุดวิทยาเขตสวรรค์ประชารักษ์
►หนังสือทั่วไป
บนชั้น

รายการใกล้เคียง
    ผู้แต่ง [Yoost, Barbara L. and Crawford, Lynne R.]

    หัวเรื่อง [Nursing Practice]

BibComment


ยังไม่เคยถูกคอมเมนท์

คอมเมนท์ทรัพยากรรายการนี้
  คอมเมนท์: Fundamentals of ..


 Copyright 2026. Bcnsprnw @Library